Procter and Gamble Technical Centres Ltd v Brixton plc (Record no. 73271)

MARC details
000 -LEADER
fixed length control field 01557cam a2200193 4500
001 - CONTROL NUMBER
control field ABS67004
008 - FIXED-LENGTH DATA ELEMENTS--GENERAL INFORMATION
fixed length control field 030821n2003 000 0 eng u
035 ## - SYSTEM CONTROL NUMBER
System control number (Sirsi) u123340
245 ## - TITLE STATEMENT
Title Procter and Gamble Technical Centres Ltd v Brixton plc
260 ## - PUBLICATION, DISTRIBUTION, ETC.
Date of publication, distribution, etc. 2003
490 ## - SERIES STATEMENT
Series statement Estates Gazette
Volume/sequential designation [2003] 31 EG 69-74(6)
520 ## - SUMMARY, ETC.
Summary, etc. [2002] EWHC 2835 (Ch), 19 December 2002. Claimant tenant (P) sought declaration as to validity of break clause notice in favour of the tenant. The original tenant Procter and Gamble Health and Beauty Care Ltd (H and B) assigned the lease to another Procter and Gamble company, the claimant tenant (P) in 1998. In 2000 a rent review memorandum was executed between defendant landlord (B) and the original tenant, but the details of each party were incorrect. In 2002, a solicitor acting on behalf of Procter and Gamble served a break notice in the name of the original tenant (H and B). The landlord denied that the break clause was valid on the grounds that: firstly, P did not have the desire to determine the lease; secondly P had not served the notice; and thirdly, the notice was invalid. HC dismissed the claim on the grounds that the notice was ineffective to determine the lease. "Lemmerbell Ltd and another v Britannia LAS Direct Ltd" (CA, X95637) applied.
590 ## - LOCAL NOTE (RLIN)
Local note ABS
650 ## - SUBJECT ADDED ENTRY--TOPICAL TERM
Topical term or geographic name entry element PROCTER AND GAMBLE TECHNICAL CENTRES LTD V BRIXTON PLC
650 ## - SUBJECT ADDED ENTRY--TOPICAL TERM
Topical term or geographic name entry element BREAK CLAUSES
650 ## - SUBJECT ADDED ENTRY--TOPICAL TERM
Topical term or geographic name entry element LEMMERBELL LTD AND ANOTHER V BRITANNIA LAS DIRECT LTD
690 ## - LOCAL SUBJECT ADDED ENTRY--TOPICAL TERM (OCLC, RLIN)
Topical term or geographic name as entry element LANDLORD AND TENANT-RENT REVIEWS-CASE LAW
942 ## - ADDED ENTRY ELEMENTS (KOHA)
Suppress in OPAC 0
Holdings
Withdrawn status Lost status Source of classification or shelving scheme Damaged status Not for loan Home library Current library Shelving location Date acquired Total Checkouts Full call number Barcode Date last seen Copy number Price effective from Koha item type
    Dewey Decimal Classification     London London Journal article 21/08/2003   ABS67004 123340-1001 06/08/2019 1 06/08/2019 Law report